000 00514nam a2200193Ia 4500
005 20230419154045.0
008 230125s9999 xx 000 0 und d
041 _aeng
082 _a920.71
_bSHA
100 _aShastri K
_9116689
245 _aKarunya Rushi
_bAkatmamanavdarshan- eak punarvachan
250 _aEd.2nd
260 _bVivaswan Prakashan
_aNagpur
300 _a340p
500 _aBiography;Biography-Men
650 _aBiography;Biography-Men
_9119155
700 _aShastri K
_9116689
942 _cDB
999 _c94372
_d94372